[Event "2025 National K-12 Grade Championship"]
[Site "Spokane, WI USA, United States"]
[Date "2025.12.13"]
[Round "3.1"]
[White "Safranek, William"]
[Black "Silva, Javier"]
[Result "1-0"]
[TimeControl "G/90; d10"]
[WhiteTitle "FM"]
[WhiteFideId "30919908"]
[BlackFideId "30958636"]
[WhiteElo "2343"]
[BlackElo "2185"]

1. e4 {[%clk 01:30:00]} {[%emt 00:00:01]} c6 {[%clk 01:25:11]} {[%emt
00:04:51]} 2. d4 {[%clk 01:30:00]} {[%emt 00:00:12]} d5 {[%clk 01:25:11]}
{[%emt 00:00:07]} 3. e5 {[%clk 01:30:00]} {[%emt 00:00:04]} Bf5 {[%clk
01:25:11]} {[%emt 00:00:06]} 4. Bd3 {[%clk 01:30:00]} {[%emt 00:00:04]} Bxd3
{[%clk 01:25:11]} {[%emt 00:00:05]} 5. Qxd3 {[%clk 01:30:00]} {[%emt 00:00:03]}
e6 {[%clk 01:25:11]} {[%emt 00:00:05]} 6. Ne2 {[%clk 01:30:00]} {[%emt
00:00:05]} Ne7 {[%clk 01:14:18]} {[%emt 00:11:02]} 7. c3 {[%clk 01:29:04]}
{[%emt 00:01:07]} Nd7 {[%clk 01:10:54]} {[%emt 00:03:33]} 8. O-O {[%clk
01:28:34]} {[%emt 00:00:41]} Qb6 {[%clk 01:07:56]} {[%emt 00:03:08]} 9. Nd2
{[%clk 01:28:21]} {[%emt 00:00:23]} Qb5 {[%clk 01:05:02]} {[%emt 00:03:04]} 10.
Qf3 {[%clk 01:25:35]} {[%emt 00:02:56]} Nf5 {[%clk 00:58:50]} {[%emt 00:06:22]}
11. Ng3 {[%clk 01:20:33]} {[%emt 00:05:12]} g6 {[%clk 00:52:50]} {[%emt
00:06:09]} 12. Nxf5 {[%clk 01:20:16]} {[%emt 00:00:28]} gxf5 {[%clk 00:49:23]}
{[%emt 00:03:36]} 13. Qh5 {[%clk 01:20:13]} {[%emt 00:00:13]} Bg7 {[%clk
00:39:02]} {[%emt 00:10:31]} 14. Nf3 {[%clk 01:17:23]} {[%emt 00:03:00]} Nf8
{[%clk 00:33:50]} {[%emt 00:05:22]} 15. Ng5 {[%clk 01:07:38]} {[%emt 00:09:56]}
Ng6 {[%clk 00:33:50]} {[%emt 00:00:06]} 16. Rd1 {[%clk 01:07:30]} {[%emt
00:00:17]} Qb6 {[%clk 00:31:25]} {[%emt 00:02:35]} 17. a4 {[%clk 00:59:45]}
{[%emt 00:07:56]} Qc7 {[%clk 00:30:58]} {[%emt 00:00:38]} 18. b4 {[%clk
00:59:36]} {[%emt 00:00:18]} Qd7 {[%clk 00:25:17]} {[%emt 00:05:51]} 19. Rb1
{[%clk 00:54:41]} {[%emt 00:05:05]} a6 {[%clk 00:22:40]} {[%emt 00:02:47]} 20.
Bd2 {[%clk 00:51:24]} {[%emt 00:03:26]} Bf8 {[%clk 00:20:37]} {[%emt 00:02:14]}
21. Nf3 {[%clk 00:42:21]} {[%emt 00:09:13]} h6 {[%clk 00:19:17]} {[%emt
00:01:29]} 22. Ne1 {[%clk 00:41:10]} {[%emt 00:01:21]} Qd8 {[%clk 00:16:31]}
{[%emt 00:02:56]} 23. g3 {[%clk 00:41:07]} {[%emt 00:00:13]} Rg8 {[%clk
00:14:06]} {[%emt 00:02:35]} 24. Kh1 {[%clk 00:37:45]} {[%emt 00:03:32]} Be7
{[%clk 00:08:47]} {[%emt 00:05:30]} 25. Nd3 {[%clk 00:35:50]} {[%emt 00:02:05]}
Bg5 {[%clk 00:07:41]} {[%emt 00:01:16]} 26. f4 {[%clk 00:34:14]} {[%emt
00:01:45]} Be7 {[%clk 00:07:41]} {[%emt 00:00:04]} 27. Rg1 {[%clk 00:26:22]}
{[%emt 00:08:02]} b5 {[%clk 00:03:56]} {[%emt 00:03:54]} 28. axb5 {[%clk
00:25:14]} {[%emt 00:01:19]} axb5 {[%clk 00:03:56]} {[%emt 00:00:04]} 29. Ra1
{[%clk 00:25:14]} {[%emt 00:00:05]} Kd7 {[%clk 00:03:37]} {[%emt 00:00:30]} 30.
g4 {[%clk 00:23:50]} {[%emt 00:01:33]} fxg4 {[%clk 00:03:30]} {[%emt 00:00:17]}
31. f5 {[%clk 00:23:50]} {[%emt 00:00:08]} Nh8 {[%clk 00:01:07]} {[%emt
00:02:33]} 32. Bxh6 {[%clk 00:21:04]} {[%emt 00:02:55]} exf5 {[%clk 00:00:07]}
{[%emt 00:01:09]} 33. Qxf5+ {[%clk 00:21:04]} {[%emt 00:00:07]} Kc7 {[%clk
00:00:05]} {[%emt 00:00:13]} 34. Bf4 {[%clk 00:19:53]} {[%emt 00:01:22]} Kb7
{[%clk 00:00:05]} {[%emt 00:00:07]} 35. Rxa8 {[%clk 00:18:55]} {[%emt
00:01:07]} Qxa8 {[%clk 00:00:05]} {[%emt 00:00:05]} 36. Qd7+ {[%clk 00:18:55]}
{[%emt 00:00:05]} Kb6 {[%clk 00:00:05]} {[%emt 00:00:10]} 37. Qxe7 {[%clk
00:18:55]} {[%emt 00:00:04]} Ng6 {[%clk 00:00:05]} {[%emt 00:00:02]} 38. Qc5+
{[%clk 00:18:19]} {[%emt 00:00:47]} Kb7 {[%clk 00:00:05]} {[%emt 00:00:01]} 39.
Bg3 {[%clk 00:18:19]} {[%emt 00:00:12]} Qa2 {[%clk 00:00:05]} {[%emt 00:00:03]}
40. Qd6 {[%clk 00:17:30]} {[%emt 00:00:59]} Qe2 {[%clk 00:00:05]} {[%emt
00:00:09]} 41. Nc5+ {[%clk 00:17:30]} {[%emt 00:00:08]} Kb6 {[%clk 00:00:05]}
{[%emt 00:00:04]} 42. Qf6 {[%clk 00:17:30]} {[%emt 00:00:06]} Rh8 {[%clk
00:00:02]} {[%emt 00:00:13]} 43. Qxf7 {[%clk 00:17:17]} {[%emt 00:00:23]} Ne7
{[%clk 00:00:02]} {[%emt 00:00:02]} 44. Ra1 {[%clk 00:17:11]} {[%emt 00:00:16]}
Ra8 {[%clk 00:00:02]} {[%emt 00:00:09]} 45. Rxa8 {[%clk 00:16:56]} {[%emt
00:00:26]} Qd1+ {[%clk 00:00:02]} {[%emt 00:00:02]} 46. Kg2 {[%clk 00:16:56]}
{[%emt 00:00:06]} Qc2+ {[%clk 00:00:00]} {[%emt 00:00:13]} 1-0

[Event "2025 National K-12 Grade Championship"]
[Site "Spokane, WI USA, United States"]
[Date "2025.12.13"]
[Round "3.2"]
[White "Singi, Advay"]
[Black "Chakravarty, Aritro"]
[Result "1/2-1/2"]
[TimeControl "G/90; d10"]
[WhiteFideId "39903141"]
[BlackFideId "30976847"]
[WhiteElo "1987"]
[BlackElo "2234"]

1. d4 {[%clk 01:12:32]} {[%emt 00:17:38]} d6 {[%clk 01:27:50]} {[%emt
00:02:20]} 2. Nf3 {[%clk 01:12:19]} {[%emt 00:00:22]} f5 {[%clk 01:27:11]}
{[%emt 00:00:50]} 3. g3 {[%clk 01:12:19]} {[%emt 00:00:05]} Nf6 {[%clk
01:27:11]} {[%emt 00:00:03]} 4. Bg2 {[%clk 01:12:19]} {[%emt 00:00:05]} g6
{[%clk 01:27:11]} {[%emt 00:00:02]} 5. O-O {[%clk 01:12:19]} {[%emt 00:00:06]}
Bg7 {[%clk 01:27:11]} {[%emt 00:00:02]} 6. b3 {[%clk 01:12:19]} {[%emt
00:00:09]} O-O {[%clk 01:26:45]} {[%emt 00:00:36]} 7. Bb2 {[%clk 01:12:19]}
{[%emt 00:00:04]} c6 {[%clk 01:26:04]} {[%emt 00:00:52]} 8. c4 {[%clk
01:12:10]} {[%emt 00:00:18]} Qe8 {[%clk 01:24:37]} {[%emt 00:01:37]} 9. d5
{[%clk 01:11:57]} {[%emt 00:00:23]} Na6 {[%clk 01:19:37]} {[%emt 00:05:10]} 10.
Nc3 {[%clk 01:11:17]} {[%emt 00:00:50]} Bd7 {[%clk 01:19:00]} {[%emt 00:00:47]}
11. Nd4 {[%clk 01:07:53]} {[%emt 00:03:33]} e5 {[%clk 01:18:38]} {[%emt
00:00:33]} 12. dxe6 {[%clk 01:07:53]} {[%emt 00:00:02]} Bxe6 {[%clk 01:16:06]}
{[%emt 00:02:42]} 13. Qc2 {[%clk 01:05:16]} {[%emt 00:02:46]} Bf7 {[%clk
01:13:33]} {[%emt 00:02:44]} 14. Rad1 {[%clk 01:04:34]} {[%emt 00:00:51]} Rd8
{[%clk 01:13:08]} {[%emt 00:00:35]} 15. e4 {[%clk 01:01:23]} {[%emt 00:03:21]}
fxe4 {[%clk 01:11:11]} {[%emt 00:02:08]} 16. Nxe4 {[%clk 01:01:23]} {[%emt
00:00:07]} Nxe4 {[%clk 01:11:00]} {[%emt 00:00:21]} 17. Bxe4 {[%clk 01:01:23]}
{[%emt 00:00:08]} d5 {[%clk 01:04:27]} {[%emt 00:06:44]} 18. cxd5 {[%clk
01:00:58]} {[%emt 00:00:34]} Bxd5 {[%clk 01:03:33]} {[%emt 00:01:04]} 19. Bxd5+
{[%clk 01:00:54]} {[%emt 00:00:14]} Rxd5 {[%clk 00:50:47]} {[%emt 00:12:56]} 20.
Rde1 {[%clk 00:55:06]} {[%emt 00:05:59]} Re5 {[%clk 00:49:15]} {[%emt
00:01:42]} 21. Rxe5 {[%emt 00:12:12]} Qe7 {[%emt 00:00:54]} 22. Re6 Qxe6 {[%clk
00:46:31]} 23. Qc3 {[%emt 00:00:14]} Qe5 24. Qc4+ {[%clk 00:44:59]} Qd5 {[%clk
00:42:50]} {[%emt 00:03:52]} 25. Qxd5+ {[%clk 00:44:44]} {[%emt 00:00:24]} cxd5
{[%clk 00:42:50]} {[%emt 00:00:02]} 26. Rd1 {[%clk 00:44:30]} {[%emt 00:00:22]}
Re8 {[%clk 00:40:00]} {[%emt 00:03:00]} 27. Kf1 {[%clk 00:43:21]} {[%emt
00:01:19]} Nc5 {[%clk 00:25:16]} {[%emt 00:14:55]} 28. Ba3 {[%clk 00:42:47]}
{[%emt 00:00:45]} Ne4 {[%clk 00:24:12]} {[%emt 00:01:14]} 29. Nb5 {[%clk
00:42:20]} {[%emt 00:00:37]} Rd8 {[%clk 00:22:22]} {[%emt 00:02:00]} 30. f3
{[%clk 00:41:44]} {[%emt 00:00:46]} Nc3 {[%clk 00:22:10]} {[%emt 00:00:19]} 31.
Nxc3 {[%clk 00:41:44]} {[%emt 00:00:08]} Bxc3 {[%clk 00:22:10]} {[%emt
00:00:03]} 32. Bc5 {[%clk 00:41:08]} {[%emt 00:00:46]} d4 {[%clk 00:18:39]}
{[%emt 00:03:41]} 33. Bxa7 {[%clk 00:41:01]} {[%emt 00:00:17]} Ra8 {[%clk
00:18:39]} {[%emt 00:00:06]} 34. Bc5 {[%clk 00:41:01]} {[%emt 00:00:08]} Ra5
{[%clk 00:18:36]} {[%emt 00:00:13]} 35. b4 {[%clk 00:40:58]} {[%emt 00:00:14]}
Rxa2 {[%clk 00:18:36]} {[%emt 00:00:10]} 36. Bxd4 {[%clk 00:40:58]} {[%emt
00:00:09]} Bxb4 {[%clk 00:17:44]} {[%emt 00:01:02]} 37. Rb1 {[%clk 00:40:58]}
{[%emt 00:00:06]} Ra4 {[%clk 00:16:50]} {[%emt 00:01:04]} 38. Ke2 {[%clk
00:40:33]} {[%emt 00:00:35]} b5 {[%clk 00:14:45]} {[%emt 00:02:15]} 39. Kd3
{[%clk 00:40:18]} {[%emt 00:00:24]} Kf7 {[%clk 00:14:43]} {[%emt 00:00:13]} 40.
Rb2 {[%clk 00:38:31]} {[%emt 00:01:57]} Ke6 {[%clk 00:14:04]} {[%emt 00:00:49]}
41. Bc3 {[%clk 00:35:50]} {[%emt 00:02:52]} Bxc3 {[%clk 00:13:05]} {[%emt
00:01:09]} 42. Kxc3 {[%clk 00:35:50]} {[%emt 00:00:04]} Ra3+ {[%clk 00:13:01]}
{[%emt 00:00:14]} 43. Kd4 {[%clk 00:35:50]} {[%emt 00:00:09]} Rxf3 {[%clk
00:13:00]} {[%emt 00:00:11]} 44. Rxb5 {[%clk 00:35:50]} {[%emt 00:00:07]} Rf2
{[%clk 00:13:00]} {[%emt 00:00:05]} 45. h4 {[%clk 00:35:43]} {[%emt 00:00:17]}
Rf3 {[%clk 00:11:18]} {[%emt 00:01:52]} 46. Re5+ {[%clk 00:35:30]} {[%emt
00:00:23]} Kf6 {[%clk 00:10:24]} {[%emt 00:01:03]} 47. Re3 {[%clk 00:35:30]}
{[%emt 00:00:05]} Rxe3 {[%clk 00:09:35]} {[%emt 00:00:59]} 48. Kxe3 {[%clk
00:35:30]} {[%emt 00:00:02]} Ke5 {[%clk 00:08:34]} {[%emt 00:01:11]} 49. Kf3
{[%clk 00:35:30]} {[%emt 00:00:04]} Kf5 {[%clk 00:08:34]} {[%emt 00:00:05]} 50.
Ke3 {[%clk 00:35:30]} {[%emt 00:00:10]} Kg4 {[%clk 00:08:15]} {[%emt 00:00:28]}
51. Kf2 {[%clk 00:35:30]} {[%emt 00:00:09]} Kh3 {[%clk 00:07:07]} {[%emt
00:01:19]} 52. Kf3 {[%clk 00:35:30]} {[%emt 00:00:05]} Kh2 {[%clk 00:06:27]}
{[%emt 00:00:50]} 53. Kf2 {[%clk 00:33:43]} {[%emt 00:01:57]} h5 {[%clk
00:05:59]} {[%emt 00:00:38]} 54. Kf3 {[%clk 00:33:37]} {[%emt 00:00:16]} Kg1
{[%clk 00:05:59]} {[%emt 00:00:02]} 55. g4 {[%clk 00:33:24]} {[%emt 00:00:23]}
hxg4+ {[%clk 00:04:25]} {[%emt 00:01:45]} 56. Kg3 {[%clk 00:33:11]} {[%emt
00:00:22]} Kf1 {[%clk 00:04:07]} {[%emt 00:00:22]} 57. Kxg4 {[%clk 00:33:11]}
{[%emt 00:00:11]} Kg2 {[%clk 00:04:07]} {[%emt 00:00:02]} 58. h5 {[%clk
00:33:06]} {[%emt 00:00:15]} gxh5+ {[%clk 00:04:07]} {[%emt 00:00:02]} 59. Kh4
{[%clk 00:33:06]} {[%emt 00:00:05]} Kf3 {[%clk 00:04:07]} {[%emt 00:00:04]} 60.
Kxh5 {[%emt 00:00:35]} 1/2-1/2

[Event "2025 National K-12 Grade Championship"]
[Site "Spokane, WI USA, United States"]
[Date "2025.12.13"]
[Round "3.3"]
[White "Chakrabartiroy, Arko"]
[Black "Gardezi, Arsal"]
[Result "0-1"]
[TimeControl "G/90; d10"]
[WhiteFideId "39973093"]
[BlackFideId "30949521"]
[WhiteElo "1862"]
[BlackElo "2204"]

1. e4 {[%clk 01:26:19]} {[%emt 00:03:50]} e5 {[%clk 01:30:00]} {[%emt
00:00:04]} 2. Nf3 {[%clk 01:26:17]} {[%emt 00:00:13]} Nc6 {[%clk 01:30:00]}
{[%emt 00:00:04]} 3. d4 {[%clk 01:24:28]} {[%emt 00:01:59]} exd4 {[%clk
01:29:46]} {[%emt 00:00:25]} 4. c3 {[%clk 01:22:47]} {[%emt 00:01:50]} dxc3
{[%clk 01:27:45]} {[%emt 00:02:11]} 5. Nxc3 {[%clk 01:20:16]} {[%emt 00:02:43]}
d6 {[%clk 01:26:00]} {[%emt 00:01:54]} 6. Bc4 {[%clk 01:20:14]} {[%emt
00:00:12]} Be7 {[%clk 01:25:35]} {[%emt 00:00:34]} 7. Qb3 {[%clk 01:20:14]}
{[%emt 00:00:06]} Na5 {[%clk 01:19:09]} {[%emt 00:06:36]} 8. Bxf7+ {[%clk
01:20:05]} {[%emt 00:00:20]} Kf8 {[%clk 01:19:09]} {[%emt 00:00:05]} 9. Qa4
{[%clk 01:20:02]} {[%emt 00:00:13]} c6 {[%clk 01:08:52]} {[%emt 00:10:27]} 10.
Bxg8 {[%clk 01:18:35]} {[%emt 00:01:35]} Kxg8 {[%clk 01:08:34]} {[%emt
00:00:29]} 11. Bf4 {[%clk 01:17:24]} {[%emt 00:01:21]} b5 {[%clk 01:06:51]}
{[%emt 00:01:53]} 12. Qc2 {[%clk 01:15:42]} {[%emt 00:01:52]} b4 {[%clk
00:59:05]} {[%emt 00:07:56]} 13. Ne2 {[%clk 01:15:07]} {[%emt 00:00:45]} c5
{[%clk 00:56:34]} {[%emt 00:02:41]} 14. h3 {[%clk 01:12:37]} {[%emt 00:02:41]}
g5 {[%clk 00:47:45]} {[%emt 00:08:58]} 15. Qd2 {[%clk 01:08:43]} {[%emt
00:04:03]} Bb7 {[%clk 00:37:43]} {[%emt 00:10:13]} 16. Nxg5 {[%clk 01:08:09]}
{[%emt 00:00:44]} h6 {[%clk 00:32:34]} {[%emt 00:05:20]} 17. Nf3 {[%clk
01:06:31]} {[%emt 00:01:47]} Bxe4 {[%clk 00:31:43]} {[%emt 00:01:01]} 18. Bxh6
{[%clk 01:00:08]} {[%emt 00:06:33]} Bf6 {[%clk 00:31:06]} {[%emt 00:00:46]} 19.
Bg5 {[%clk 00:49:33]} {[%emt 00:10:46]} Kg7 {[%clk 00:25:01]} {[%emt 00:06:14]}
20. Bxf6+ {[%clk 00:48:12]} {[%emt 00:01:32]} Qxf6 {[%clk 00:25:01]} {[%emt
00:00:05]} 21. Qg5+ {[%clk 00:47:56]} {[%emt 00:00:26]} Kf7 {[%clk 00:23:15]}
{[%emt 00:01:56]} 22. Qxf6+ {[%clk 00:45:11]} {[%emt 00:02:56]} Kxf6 {[%clk
00:23:15]} {[%emt 00:00:08]} 23. O-O-O {[%clk 00:40:46]} {[%emt 00:04:35]} Rad8
{[%clk 00:21:40]} {[%emt 00:01:44]} 24. Nf4 {[%clk 00:39:17]} {[%emt 00:01:39]}
d5 {[%clk 00:14:35]} {[%emt 00:07:14]} 25. Rhg1 {[%clk 00:36:10]} {[%emt
00:03:18]} c4 {[%clk 00:13:30]} {[%emt 00:01:15]} 26. Nd4 {[%clk 00:33:45]}
{[%emt 00:02:35]} b3 {[%clk 00:11:25]} {[%emt 00:02:15]} 27. axb3 {[%clk
00:33:05]} {[%emt 00:00:51]} cxb3 {[%clk 00:11:20]} {[%emt 00:00:15]} 28. f3
{[%clk 00:32:57]} {[%emt 00:00:17]} Rc8+ {[%clk 00:09:04]} {[%emt 00:02:27]} 29.
Kd2 {[%clk 00:31:04]} {[%emt 00:02:02]} Nc4+ {[%clk 00:04:02]} {[%emt
00:05:13]} 30. Ke2 {[%clk 00:30:36]} {[%emt 00:00:38]} Bc2 {[%clk 00:03:25]}
{[%emt 00:00:47]} 31. Nxc2 {[%clk 00:28:28]} {[%emt 00:02:17]} bxc2 {[%clk
00:03:25]} {[%emt 00:00:08]} 32. Rc1 {[%clk 00:28:04]} {[%emt 00:00:34]} Rhe8+
{[%clk 00:02:46]} {[%emt 00:00:48]} 33. Kf2 {[%clk 00:25:22]} {[%emt 00:02:54]}
Nxb2 {[%clk 00:02:46]} {[%emt 00:00:02]} 34. Nxd5+ {[%clk 00:25:10]} {[%emt
00:00:22]} Kf7 {[%clk 00:02:06]} {[%emt 00:00:50]} 35. Nb4 {[%clk 00:23:14]}
{[%emt 00:02:06]} a5 {[%clk 00:01:28]} {[%emt 00:00:48]} 36. Rxc2 {[%clk
00:21:47]} {[%emt 00:01:38]} Nd3+ {[%clk 00:01:28]} {[%emt 00:00:04]} 37. Nxd3
{[%clk 00:21:27]} {[%emt 00:00:29]} Rxc2+ {[%clk 00:01:28]} {[%emt 00:00:05]}
38. Kg3 {[%clk 00:21:27]} {[%emt 00:00:05]} a4 {[%clk 00:01:28]} {[%emt
00:00:09]} 39. Ra1 {[%clk 00:20:52]} {[%emt 00:00:45]} Rc3 {[%clk 00:00:55]}
{[%emt 00:00:43]} 40. Nf2 {[%clk 00:19:57]} {[%emt 00:01:04]} a3 {[%clk
00:00:55]} {[%emt 00:00:03]} 41. Ra2 {[%clk 00:19:42]} {[%emt 00:00:24]} Rb8
{[%clk 00:00:52]} {[%emt 00:00:13]} 42. Ne4 {[%clk 00:19:36]} {[%emt 00:00:16]}
Rd3 {[%clk 00:00:42]} {[%emt 00:00:20]} 43. Nc5 {[%clk 00:17:55]} {[%emt
00:01:50]} Rc3 {[%clk 00:00:42]} {[%emt 00:00:09]} 44. Na4 {[%clk 00:16:23]}
{[%emt 00:01:43]} Rcb3 {[%clk 00:00:42]} {[%emt 00:00:03]} 45. Nc5 {[%clk
00:16:21]} {[%emt 00:00:11]} Rc3 {[%clk 00:00:36]} {[%emt 00:00:17]} 46. Na4
{[%clk 00:16:16]} {[%emt 00:00:15]} Rg8+ {[%clk 00:00:36]} {[%emt 00:00:01]} 47.
Kf2 {[%clk 00:16:07]} {[%emt 00:00:18]} Rb3 {[%clk 00:00:36]} {[%emt 00:00:02]}
48. g4 {[%clk 00:15:42]} {[%emt 00:00:35]} Ra8 {[%clk 00:00:36]} {[%emt
00:00:01]} 49. Rxa3 {[%clk 00:15:10]} {[%emt 00:00:42]} Rxa3 {[%clk 00:00:36]}
{[%emt 00:00:02]} 50. Nc5 {[%clk 00:15:10]} Rc8 {[%clk 00:00:36]} {[%emt
00:00:07]} 51. Ne4 {[%clk 00:15:10]} {[%emt 00:00:03]} Rc2+ {[%clk 00:00:36]}
{[%emt 00:00:06]} 52. Kg3 {[%clk 00:15:10]} {[%emt 00:00:02]} Re2 {[%clk
00:00:36]} {[%emt 00:00:02]} 53. Kf4 {[%clk 00:15:10]} {[%emt 00:00:07]} Kg6
{[%clk 00:00:36]} {[%emt 00:00:07]} 54. h4 {[%clk 00:15:10]} {[%emt 00:00:08]}
Re1 {[%clk 00:00:36]} {[%emt 00:00:01]} 55. g5 {[%clk 00:14:58]} {[%emt
00:00:22]} Rh1 {[%clk 00:00:36]} {[%emt 00:00:10]} 56. Kg4 {[%clk 00:14:58]}
{[%emt 00:00:04]} Raa1 {[%clk 00:00:36]} {[%emt 00:00:05]} 57. Ng3 {[%clk
00:14:58]} {[%emt 00:00:06]} Rhg1 {[%clk 00:00:36]} {[%emt 00:00:07]} 58. h5+
{[%clk 00:14:58]} {[%emt 00:00:06]} Kg7 {[%clk 00:00:36]} {[%emt 00:00:02]} 59.
Kf4 {[%clk 00:14:58]} {[%emt 00:00:09]} Ra4+ {[%clk 00:00:36]} 60. Ne4 {[%clk
00:14:58]} {[%emt 00:00:02]} Rf1 {[%clk 00:00:36]} {[%emt 00:00:06]} 61. Kg3
{[%clk 00:14:57]} {[%emt 00:00:12]} Ra3 {[%clk 00:00:36]} {[%emt 00:00:03]} 62.
Nd2 {[%clk 00:14:57]} {[%emt 00:00:06]} Rd1 {[%clk 00:00:36]} {[%emt 00:00:04]}
63. Nc4 {[%clk 00:14:57]} {[%emt 00:00:08]} Rc3 {[%clk 00:00:36]} {[%emt
00:00:04]} 64. Ne5 {[%clk 00:14:57]} {[%emt 00:00:03]} Re1 {[%clk 00:00:36]}
{[%emt 00:00:04]} 65. Ng4 {[%clk 00:14:57]} {[%emt 00:00:09]} Rf1 {[%clk
00:00:36]} {[%emt 00:00:05]} 66. Nh2 {[%clk 00:14:57]} {[%emt 00:00:03]} Rg1+
{[%clk 00:00:36]} {[%emt 00:00:02]} 67. Kf4 {[%clk 00:14:52]} {[%emt 00:00:14]}
Rc4+ {[%clk 00:00:36]} {[%emt 00:00:03]} 68. Ke3 {[%clk 00:14:50]} {[%emt
00:00:12]} Rxg5 {[%clk 00:00:36]} {[%emt 00:00:02]} 69. Nf1 {[%clk 00:14:50]}
{[%emt 00:00:05]} Rxh5 {[%clk 00:00:36]} {[%emt 00:00:03]} 70. Ng3 {[%clk
00:14:50]} {[%emt 00:00:03]} Rh3 {[%clk 00:00:36]} {[%emt 00:00:02]} 71. Nf5+
{[%clk 00:14:50]} {[%emt 00:00:02]} Kf6 {[%clk 00:00:36]} {[%emt 00:00:02]} 72.
Nd6 {[%clk 00:14:50]} {[%emt 00:00:06]} Rc3+ {[%clk 00:00:36]} {[%emt
00:00:03]} 73. Kd4 {[%clk 00:14:50]} {[%emt 00:00:05]} Rcxf3 {[%clk 00:00:36]}
{[%emt 00:00:03]} 74. Ne4+ {[%clk 00:14:50]} {[%emt 00:00:02]} Kg6 {[%clk
00:00:36]} {[%emt 00:00:01]} 75. Nc5 {[%clk 00:14:50]} {[%emt 00:00:02]} Rh4+
{[%clk 00:00:36]} {[%emt 00:00:02]} 76. Kd5 {[%clk 00:14:50]} {[%emt 00:00:02]}
Rf5+ {[%clk 00:00:36]} {[%emt 00:00:01]} 77. Kc6 {[%clk 00:14:50]} Rc4 {[%clk
00:00:36]} {[%emt 00:00:02]} 0-1

[Event "2025 National K-12 Grade Championship"]
[Site "Spokane, WI USA, United States"]
[Date "2025.12.13"]
[Round "3.4"]
[White "Sloan, Jed"]
[Black "Tadevosyan, Levon"]
[Result "1-0"]
[TimeControl "G/90; d10"]
[WhiteTitle "CM"]
[WhiteFideId "30932289"]
[BlackFideId "13316850"]
[WhiteElo "2202"]
[BlackElo "2113"]

1. e4 {[%clk 01:30:00]} {[%emt 00:00:09]} e5 {[%clk 01:30:00]} {[%emt
00:00:10]} 2. Nf3 {[%clk 01:30:00]} {[%emt 00:00:02]} Nc6 {[%clk 01:30:00]}
{[%emt 00:00:02]} 3. Bc4 {[%clk 01:29:35]} {[%emt 00:00:36]} Nf6 {[%clk
01:30:00]} {[%emt 00:00:05]} 4. d3 {[%clk 01:29:35]} {[%emt 00:00:03]} Be7
{[%clk 01:29:59]} {[%emt 00:00:11]} 5. Nc3 {[%clk 01:29:33]} {[%emt 00:00:12]}
d6 {[%clk 01:29:58]} {[%emt 00:00:11]} 6. a3 {[%clk 01:29:23]} {[%emt
00:00:20]} O-O {[%clk 01:29:48]} {[%emt 00:00:20]} 7. h3 {[%clk 01:29:12]}
{[%emt 00:00:20]} Be6 {[%clk 01:29:48]} {[%emt 00:00:07]} 8. Nd5 {[%clk
01:29:04]} {[%emt 00:00:18]} Qd7 {[%clk 01:24:33]} {[%emt 00:05:25]} 9. O-O
{[%clk 01:25:52]} {[%emt 00:03:22]} Nd8 {[%clk 01:16:10]} {[%emt 00:08:33]} 10.
Re1 {[%clk 01:14:46]} {[%emt 00:11:16]} Bxd5 {[%clk 01:04:56]} {[%emt
00:11:25]} 11. exd5 {[%clk 01:14:46]} {[%emt 00:00:10]} c6 {[%clk 01:04:56]}
{[%emt 00:00:08]} 12. dxc6 {[%clk 01:10:54]} {[%emt 00:04:01]} bxc6 {[%clk
01:02:32]} {[%emt 00:02:34]} 13. Bb3 {[%clk 01:04:44]} {[%emt 00:06:20]} Qc7
{[%clk 01:01:45]} {[%emt 00:00:57]} 14. c3 {[%clk 01:02:40]} {[%emt 00:02:14]}
Re8 {[%clk 00:58:02]} {[%emt 00:03:54]} 15. Bc2 {[%clk 00:58:59]} {[%emt
00:03:50]} c5 {[%clk 00:44:02]} {[%emt 00:14:09]} 16. d4 {[%clk 00:57:54]}
{[%emt 00:01:16]} cxd4 {[%clk 00:43:39]} {[%emt 00:00:33]} 17. cxd4 {[%clk
00:57:23]} {[%emt 00:00:41]} Bf8 {[%clk 00:42:51]} {[%emt 00:00:59]} 18. Bg5
{[%clk 00:51:07]} {[%emt 00:06:25]} Nd7 {[%clk 00:41:33]} {[%emt 00:01:28]} 19.
Rc1 {[%clk 00:49:02]} {[%emt 00:02:16]} Qb7 {[%clk 00:38:44]} {[%emt 00:02:59]}
20. dxe5 {[%clk 00:47:40]} {[%emt 00:01:31]} Rc8 {[%clk 00:37:05]} {[%emt
00:01:48]} 21. Be4 {[%clk 00:39:43]} {[%emt 00:08:07]} Rxc1 {[%clk 00:35:42]}
{[%emt 00:01:34]} 22. Bxc1 {[%clk 00:39:43]} {[%emt 00:00:10]} Qb6 {[%clk
00:35:29]} {[%emt 00:00:23]} 23. Bxh7+ {[%clk 00:24:48]} {[%emt 00:15:05]} Kxh7
{[%clk 00:34:42]} {[%emt 00:00:58]} 24. Ng5+ {[%clk 00:24:48]} {[%emt
00:00:01]} Kg6 {[%clk 00:32:28]} {[%emt 00:02:23]} 25. Qd3+ {[%clk 00:24:18]}
{[%emt 00:00:39]} f5 {[%clk 00:31:04]} {[%emt 00:01:34]} 26. exf6+ {[%emt
00:00:13]} 1-0